000 00368pam a2200157a 44500
008 230515b2001 xxu||||| |||| 00| 0 eng d
020 _aNULL
041 _aENGL
082 _a624.17/ RAM.
100 _aS.RAMAMRUTHAM & NARAYAN. R.
245 _aTHEORY OF STRUCTURES (RAM)
250 _aN.D.
260 _aNULL
_bDHANP
_c2001
300 _a1380 PB
650 _aNULL
999 _c632565
_d632565